000
00304nam a2200109 4500
999
_c
9650
_d
9650
008
180713b ||||| |||| 00| 0 eng d
245
_a
Schools to get cloud-based learning system.
260
_a
Philippines
_b
The Philippine Star
_c
c2016
300
_a
page 12.
650
0
_9
28634
_a
Schools.
942
_2
ddc
_c
PER